|
|
|
|
| LEADER |
00000nab a2200000 a 4500 |
| 001 |
vtls000999033 |
| 003 |
SK-MaSNL |
| 005 |
20260319074039.0 |
| 008 |
040720e18870000xo 0 hun |
| 035 |
|
|
|a RVH1635
|
| 040 |
|
|
|a RVGKPD
|b slo
|c RVGKPD
|e AACR2
|
| 041 |
0 |
|
|a slo
|
| 044 |
|
|
|a xo
|c SK
|
| 080 |
|
|
|a 929 Nandrássy, Anna
|2 1981
|
| 100 |
0 |
|
|a B.
|4 aut
|9 758600
|
| 245 |
1 |
0 |
|a Levelezés
|b Nagy-Szlabos, 1887. nov. 14-én
|
| 590 |
|
|
|a Nandrássy, Anna, 1824-1887
|b Manželka Ladislava Bartholomaeidesa
|
| 600 |
1 |
7 |
|a Nandrássy, Anna, 1824-1887
|2 RVGKPD
|9 1026487
|
| 651 |
|
7 |
|a Ochtiná (Slovensko)
|2 RVGKPD
|9 58427
|
| 651 |
|
7 |
|a Jelšavská Teplica (Gemerské Teplice, Slovensko)
|2 RVGKPD
|9 174998
|
| 655 |
|
7 |
|a periodikum
|2 snkbucl
|9 29553
|
| 773 |
0 |
8 |
|t Rozsnyói Hiradó
|g Roč. 10, č.47, 20.11.1887, s. 2
|
| 852 |
|
|
|a ZVYKNI
|b KIS3GCP
|
| 999 |
|
|
|c 1686708
|d 1688638
|